Planificación del desarrollo regional en Brasil: problemas, experiencias, perspectivas
Saved in:
| Main Author: | |
|---|---|
| Format: | Chapter/Article |
| Language: | Portuguese |
| Published: |
1991
|
| In: |
Descentralización política y consolidación democratica
Year: 1991, Pages: 269-276 |
| Online Access: |
|
| Author Notes: | Hartmut Sangmeister |
MARC
| LEADER | 00000caa a2200000 c 4500 | ||
|---|---|---|---|
| 001 | 1758047429 | ||
| 003 | DE-627 | ||
| 005 | 20220819210323.0 | ||
| 007 | tu | ||
| 008 | 210518s1991 xx ||||| 00| ||por c | ||
| 035 | |a (DE-627)1758047429 | ||
| 035 | |a (DE-599)KXP1758047429 | ||
| 035 | |a (OCoLC)1341413388 | ||
| 040 | |a DE-627 |b ger |c DE-627 |e rda | ||
| 041 | |a por | ||
| 084 | |a 17 |2 sdnb | ||
| 100 | 1 | |a Sangmeister, Hartmut |d 1945- |e VerfasserIn |0 (DE-588)108757501 |0 (DE-627)510496334 |0 (DE-576)162857462 |4 aut | |
| 245 | 1 | 0 | |a Planificación del desarrollo regional en Brasil |b problemas, experiencias, perspectivas |c Hartmut Sangmeister |
| 264 | 1 | |c 1991 | |
| 300 | |a 8 | ||
| 336 | |a Text |b txt |2 rdacontent | ||
| 337 | |a ohne Hilfsmittel zu benutzen |b n |2 rdamedia | ||
| 338 | |a Band |b nc |2 rdacarrier | ||
| 773 | 0 | 8 | |i Enthalten in |t Descentralización política y consolidación democratica |b 1.ed. |d Caracas : Ed. Nueva Sociedad, 1991 |g (1991), Seite 269-276 |h 386 S |w (DE-627)02627924X |w (DE-576)025809164 |z 9803170007 |7 nnam |a Planificación del desarrollo regional en Brasil problemas, experiencias, perspectivas |
| 773 | 1 | 8 | |g year:1991 |g pages:269-276 |g extent:8 |a Planificación del desarrollo regional en Brasil problemas, experiencias, perspectivas |
| 951 | |a AR | ||
| 992 | |a 20210518 | ||
| 993 | |a BookComponentPart | ||
| 994 | |a 1991 | ||
| 998 | |g 108757501 |a Sangmeister, Hartmut |m 108757501:Sangmeister, Hartmut |d 180000 |d 181000 |e 180000PS108757501 |e 181000PS108757501 |k 0/180000/ |k 1/180000/181000/ |p 1 |x j |y j | ||
| 999 | |a KXP-PPN1758047429 |e 3929331632 | ||
| BIB | |a Y | ||
| JSO | |a {"type":{"bibl":"chapter"},"relHost":[{"title":[{"title":"Descentralización política y consolidación democratica","title_sort":"Descentralización política y consolidación democratica","subtitle":"Europa - América del Sur"}],"recId":"02627924X","language":["spa"],"id":{"isbn":["9803170007"],"eki":["02627924X"]},"type":{"bibl":"edited-book"},"origin":[{"edition":"1.ed.","publisherPlace":"Caracas","dateIssuedDisp":"1991","publisher":"Ed. Nueva Sociedad","editionNo":"1","dateIssuedKey":"1991"}],"disp":"Planificación del desarrollo regional en Brasil problemas, experiencias, perspectivasDescentralización política y consolidación democratica","physDesc":[{"noteIll":"Tab","extent":"386 S"}],"person":[{"family":"Nohlen","role":"edt","given":"Dieter","display":"Nohlen, Dieter"}],"part":{"text":"(1991), Seite 269-276","year":"1991","extent":"8","pages":"269-276"},"name":{"displayForm":["Dieter Nohlen [Hrsg.]"]}}],"name":{"displayForm":["Hartmut Sangmeister"]},"person":[{"family":"Sangmeister","role":"aut","display":"Sangmeister, Hartmut","given":"Hartmut"}],"id":{"eki":["1758047429"]},"recId":"1758047429","language":["por"],"physDesc":[{"extent":"8 S."}],"origin":[{"dateIssuedDisp":"1991","dateIssuedKey":"1991"}],"title":[{"subtitle":"problemas, experiencias, perspectivas","title":"Planificación del desarrollo regional en Brasil","title_sort":"Planificación del desarrollo regional en Brasil"}]} | ||
| SRT | |a SANGMEISTEPLANIFICAC1991 | ||